Performance of RRII 300 series clones in the small scale trial (Record no. 64769)

MARC details
000 -LEADER
fixed length control field 00403nam a2200145Ia 4500
100 ## - MAIN ENTRY--AUTHOR NAME
Personal name Premakumari D
245 #0 - TITLE STATEMENT
Title Performance of RRII 300 series clones in the small scale trial
260 ## - PUBLICATION, DISTRIBUTION, ETC. (IMPRINT)
Name of publisher Placrosym V, Kasaragod, 1982
Year of publication 1982
700 ## - ADDED ENTRY--PERSONAL NAME
Personal name George P J
700 ## - ADDED ENTRY--PERSONAL NAME
Personal name Nair V K B
700 ## - ADDED ENTRY--PERSONAL NAME
Personal name Panikkar A O N
700 ## - ADDED ENTRY--PERSONAL NAME
Personal name Sulochanamma S
942 ## - ADDED ENTRY ELEMENTS (KOHA)
Koha item type Journals
Holdings
Withdrawn status Lost status Damaged status Not for loan Home library Current library Shelving location Date acquired Koha item type
      Journals RRII Library RRII Library Botany 17/12/2021 Journals